1726 1989 1638 1030 1673 1110 1406 1214 1867 1815 1843 1441 1758 1295 1716 1135 1309 1566 1434 1718 1090 1985 1358 1467 1974 1627 1881 1949 1265 1247 1754 1422 1505 1009 1586 1044 1556 1174 1228 1138 1922 1018 1833 1441 1211 1079 1069 1027 1490 1512 1765 1753 1586 1235 1567 1016 1138 1292 1002 1069 1420 1178 1651 1063 1242 1217 1132 1328 1897 1533 1938 1953 1585 1046 1977 1801 1264 1886 1184 1055 1525 1434 1242 1374 1326 1603 1457 1339 1800 1629 1502 1173 1409 1681 1008 1020 1009 1189 1218 BCNSPRNW ULIB Ver.6.0+V

เปลี่ยนเป็นภาษาไทย

Change to English
 แสดงรายละเอียดบรรณานุกรม
  กลับหน้าหลัก

Brief Record : Get Marc (ISO 2709) : E-mail record : QR code < ปิดหน้าต่าง
LEADER : 00000nam 2200000uu 4500
001    13399113149
003     ULIB
008    110928s2550||||th 000 0 tha d
020    9749940598
020    9789749940594
050  4 QA76.75^bก411ก 2550
100 0  กัลยา วานิชย์บัญชา
245 10 การใช้ SPSS for windows ในการวิเคราะห์ข้อมูล /^cกัลยา วานิชย์บัญชา
250    พิมพ์ครั้งที่ 10
260    [กรุงเทพฯ] :^bภาควิชาสถิติ คณะพาณิชยศาสตร์และการบัญชีจุฬาลงกรณ์มหาวิทยาลัย,^c2550
300    xii, 524 หน้า :^bภาพประกอบ ;^c26 ซม.
650  4 โปรแกรมคอมพิวเตอร์^xการประมวลผลข้อมูล
650  4 เอสพีเอสเอส (โปรแกรมคอมพิวเตอร์)
650  4 เอสพีเอสเอสสำหรับวินโดวส์
710 2  จุฬาลงกรณ์มหาวิทยาลัย. ^bคณะพาณิชยศาสตร์และการบัญชี.^bภาควิชาสถิติ
945    ^p320^l0^i022187
945    ^p320^l0^i022188
945    ^p320^l0^i026924
945    ^p320^l0^i026925
995    ทศพร
999 ^a ทศพร
รายการนี้ยังไม่มีแท็ก
คุณยังไม่ได้ล็อกอิน คุณสามารถมีกิจกรรมร่วมกับเว็บไซต์ได้ แต่ต้องล็อกอินก่อน ::
  ล็อกอิน

รายการสื่อสารสนเทศ

ลำดับที่ ประเภท เลขเรียก/บาร์โค้ด สถานที่ สถานะ
- ไม่พบข้อมูล -

รายการใกล้เคียง
    ผู้แต่ง [กัลยา วานิชย์บัญชา]

    หัวเรื่อง [เอสพีเอสเอส (โปรแกรมคอมพิวเตอร์)]
    หัวเรื่อง [เอสพีเอสเอสสำหรับวินโดวส์]

BibComment


ยังไม่เคยถูกคอมเมนท์

คอมเมนท์ทรัพยากรรายการนี้
  คอมเมนท์: การใช้ SPSS for w..


 Copyright 2026. Bcnsprnw @Library